00357nam a22001337a 4500003000400000008004100004020001800045082001500063100001900078245006600097260002300163300000900186700002800195OSt240326b |||||||| |||| 00| 0 eng d a9789327198928 a370.78 SHN aSHARMA,Surabhi aNTA UGC Net/JRF/SET Peper-2 Computer Science and Applications aNew DelhibArihant a1027 aGURURANI,Kalish Chandra